000 00726nam a2200205Ia 4500
005 20230420094429.0
008 131103s9999 xx 000 0 und d
020 _a198077580
_cRs.695.00
040 _aLoreto College
041 _aEnglish
082 _a338.954
_bIND
245 _aIndia human development report 2011
_b Towards social inclusion
_cInstitute of Applied Manpower Research,Planning Commission,Government of India
260 _aNew Delhi
_bOxford University Press
_c2011
300 _axxiii,418p
504 _aIncludes bibliographical references
650 _aInstitute of Applied Manpower Research,Planning Commission,Government of India
651 _aDevelopment-India
850 _aLCLIB
942 _cBK
999 _c38191
_d88670